Đặc điểm tục ngữ Nghệ Tĩnh

Nghệ Tĩnh - Đặc điểm vùng đất và văn học dân gian. Tục ngữ Nghệ - Tĩnh nhìn từ phương diện nội dung. Tục ngữ Nghệ - Tĩnh nhìn từ phương diện hình thức

Salvato in:
Dettagli Bibliografici
Autore principale: Đào Thị Phương Thúy
Altri autori: Lê Đức Luận T.S (Hướng dẫn)
Natura: Libro
Lingua:Vietnamese
Pubblicazione: Đà Nẵng Đại học Sư phạm, Đại học Đà Nẵng 2012
Soggetti:
Tags: Aggiungi Tag
Nessun Tag, puoi essere il primo ad aggiungerne! !
Thư viện lưu trữ: Mạng thư viện Đại học Đà Nẵng
LEADER 01620nam a2200337 4500
001 000016933
003 13343
005 20130111160117.0
008 130111s2012 viesd
041 0 |a vie 
082 |a 398.9  |b ĐO-T 
100 1 |a Đào Thị Phương Thúy 
245 0 |a Đặc điểm tục ngữ Nghệ Tĩnh  |c Đào Thị Phương Thúy  |k Khóa luận tốt nghiệp 
260 |a Đà Nẵng  |b Đại học Sư phạm, Đại học Đà Nẵng  |c 2012 
300 |a 75 tr., phụ lục 4 tr.  |c 29 cm.  |e Đĩa CD, tài liệu tóm tắt 
500 |a Khóa luận tốt nghiệp đại học. Chuyên ngành: Cử nhân văn học 
504 |a Mục lục đầu trang, tài liệu tham khảo tr. 73 - 74, phụ lục [13 tr.] 
520 |a Nghệ Tĩnh - Đặc điểm vùng đất và văn học dân gian. Tục ngữ Nghệ - Tĩnh nhìn từ phương diện nội dung. Tục ngữ Nghệ - Tĩnh nhìn từ phương diện hình thức 
650 0 4 |a Tục ngữ  |v Khóa luận tốt nghiệp  |x Nghiên cứu  |z Nghệ Tĩnh 
653 |a Tục ngữ  |a Khoa Ngữ văn 
700 |a Lê Đức Luận  |c T.S  |e Hướng dẫn 
OWN |a LSP 
AVA |a UDN50  |b LSP  |d 398.9 ĐO-T  |e available  |t Error 5001 Not defined in file expand_doc_bib_avail.  |f 1  |g 0  |h N  |i 0  |k 1 
999 |a From the UDN01 
AVA |a UDN50  |b LSP  |d 398.9 ĐO-T  |e available  |t Error 5001 Not defined in file expand_doc_bib_avail.  |f 1  |g 0  |h N  |i 0  |k 1 
TYP |a Monograph 
TYP |a Printed language 
980 |a Mạng thư viện Đại học Đà Nẵng